[Event "Challenge"]
[Site "http://www.queenalice.com/game.php?id=1847256"]
[Date "2024.11.15"]
[Round "-"]
[White "Mikalus"]
[Black "quithero"]
[Result "0-1"]
[WhiteElo "1879"]
[BlackElo "2123"]

1. d4 d5 2. Nf3 Nf6 3. e3 c5 4. b3 cxd4 5. Nxd4 e5 6. Nf3 Nc6 7. Bb2 Bd6 8. Bb5
O-O 9. Bxc6 bxc6 10. Nxe5 c5 11. Nf3 Ba6 12. Nbd2 c4 13. c3 Qc7 14. b4 Bc8 15.
a4 Bg4 16. Qc2 Rfe8 17. h3 Bh5 18. b5 a6 19. O-O Ne4 20. Ba3 axb5 21. Bxd6 Qxd6
22. axb5 Bg6 23. Qb2 Rab8 24. Ra6 Qxa6 0-1

[Event "Challenge"]
[Site "http://www.queenalice.com/game.php?id=1847772"]
[Date "2024.11.25"]
[Round "-"]
[White "quithero"]
[Black "Mikalus"]
[Result "1-0"]
[WhiteElo "2099"]
[BlackElo "1906"]

1. d4 d5 2. c4 c6 3. Nc3 dxc4 4. e4 b5 5. Nf3 e6 6. Be2 Nf6 7. O-O Be7 8. e5 Nd5
9. Ne4 O-O 10. Bd2 Nd7 11. Qc2 f6 12. b3 f5 13. Ng3 f4 14. Ne4 Ba6 15. bxc4 bxc4
16. Bxc4 Bxc4 17. Qxc4 Rc8 18. Qa6 Qb6 19. Qa4 Qb2 20. Rab1 N5b6 21. Rxb2 Nxa4
22. Rb7 Nab6 23. Rxa7 Ra8 24. Rxa8 Rxa8 25. Bxf4 Rxa2 26. g3 h6 27. Rc1 Ra3 28.
Be3 Nd5 29. Re1 Bb4 30. Re2 Ra1+ 31. Kg2 Ra3 32. h4 c5 33. Nxc5 Nxc5 34. dxc5
Nxe3+ 35. Rxe3 Bxc5 36. Rxa3 Bxa3 37. Nd4 Kf7 38. f4 Bc5 39. Nb3 Bb6 40. Kf3 g6
41. Nd2 Bc5 42. Ne4 Bb6 43. Nd6+ Kg7 44. g4 Bc7 45. Ne8+ 1-0

[Event "Challenge"]
[Site "http://www.queenalice.com/game.php?id=1848098"]
[Date "2024.12.1"]
[Round "-"]
[White "denaultj"]
[Black "Mikalus"]
[Result "1-0"]
[WhiteElo "1708"]
[BlackElo "1934"]

1. e4 c5 2. d4 cxd4 3. Qxd4 Nc6 4. Qd1 e5 5. c3 Nf6 6. Nd2 Bc5 7. Ngf3 O-O 8. h3
Qb6 9. Qe2 Qc7 10. Nc4 a6 11. b4 Ba7 12. Be3 b5 13. Bxa7 Rxa7 14. Ncd2 Bb7 15.
Qe3 d6 16. Bd3 Raa8 17. a4 bxa4 18. Rxa4 Ne7 19. O-O Qxc3 20. Nc4 Rfd8 21. Rc1
Qb3 22. Nb6 Rab8 23. Bxa6 Qxe3 24. fxe3 Bxe4 25. Nc4 d5 26. Ncxe5 Rb6 27. Ng5
Bg6 28. Nxg6 Nxg6 29. g3 h6 30. Nf3 Rdb8 31. b5 Ne4 32. h4 Nxg3 33. Kf2 Ne4+ 34.
Ke1 Nd6 35. Rb1 Nc4 36. Rbb4 Nxe3 37. Kd2 Nc4+ 38. Kc3 Rf6 39. Nd4 Nxh4 40. Nc6
Rb6 41. Ne7+ Kh7 42. Nxd5 1-0

[Event "Challenge"]
[Site "http://www.queenalice.com/game.php?id=1848383"]
[Date "2024.12.6"]
[Round "-"]
[White "Mikalus"]
[Black "quithero"]
[Result "1/2-1/2"]
[WhiteElo "1927"]
[BlackElo "2103"]

1. d4 Nf6 2. Nf3 d5 3. e3 e6 4. Bd3 Bd6 5. O-O O-O 6. b3 a6 7. Bb2 b5 8. Nbd2
Re8 9. c4 c6 10. c5 Bc7 11. Ne5 b4 12. Ndf3 Nfd7 13. Qc2 g6 14. h3 Nxe5 15. Nxe5
Nd7 16. f4 Nxe5 17. fxe5 a5 18. Rf4 f5 19. Qf2 Qd7 20. h4 Bd8 21. Qg3 Be7 22.
Bc1 Bf8 23. Bd2 Bh6 24. Rf2 Rf8 25. Raf1 Ba6 26. Be2 Bxe2 27. Rxe2 Rf7 28. Ref2
Raf8 29. Rf3 Qd8 1/2-1/2

[Event "AUTO-ADV-4830"]
[Site "http://www.queenalice.com/game.php?id=1848398"]
[Date "2024.12.7"]
[Round "1"]
[White "Carlos19"]
[Black "Mikalus"]
[Result "0-1"]
[WhiteElo "1633"]
[BlackElo "1909"]

1. e4 c5 2. d4 cxd4 3. Qxd4 Nc6 4. Qc3 e5 5. Nf3 Bb4 6. Bb5 Bxc3+ 7. Nxc3 f6 8.
O-O Nge7 9. Be3 O-O 10. Rad1 a6 11. Bxc6 bxc6 12. b4 Bb7 13. a4 d5 14. exd5 cxd5
15. Bc5 Rc8 16. Bxe7 Qxe7 17. Rb1 Rxc3 18. b5 axb5 19. Rxb5 Bc6 20. Ra5 Rxc2 21.
Ra6 Qd7 22. h3 Bxa4 23. Ra1 Bb5 24. Ra7 Qc6 25. R7a5 Rb8 26. Re1 Rc1 27. g4
Rxe1+ 28. Nxe1 Ra8 29. Rxa8+ Qxa8 30. Nc2 d4 31. Nb4 Qa3 32. Nc2 Qc1+ 0-1

[Event "AUTO-ADV-4830"]
[Site "http://www.queenalice.com/game.php?id=1848399"]
[Date "2024.12.7"]
[Round "1"]
[White "Mikalus"]
[Black "Carlos19"]
[Result "1/2-1/2"]
[WhiteElo "1921"]
[BlackElo "1604"]

1. d4 d5 2. Nf3 Bf5 3. e3 e6 4. Be2 Nf6 5. b3 Nc6 6. Bb2 Nb4 7. Bd3 Nxd3+ 8.
cxd3 c5 9. dxc5 Qa5+ 10. Bc3 Qxc5 11. d4 Qc8 12. Qd2 Ne4 13. Qd3 Nxc3 14. Qxc3
Qxc3+ 15. Nxc3 Bb4 16. Kd2 O-O 17. a3 Bxc3+ 18. Kxc3 Be4 19. Kb2 Bxf3 20. gxf3
f5 21. f4 b5 22. Rac1 Rac8 23. Rc5 Rxc5 24. dxc5 a5 25. b4 axb4 26. axb4 Ra8 27.
Ra1 Rc8 28. Kc3 h6 29. h4 h5 30. Ra6 Kf7 31. Kd4 Kf6 32. c6 g6 33. Kc5 Rc7 34.
Kxb5 e5 35. Kc5 Ke6 36. b5 exf4 37. exf4 Rc8 38. c7+ Kd7 39. Rd6+ Kxc7 40. Kxd5
Rg8 41. b6+ Kb7 42. Kc5 Rc8+ 43. Kb5 Rc2 44. Rd7+ Kc8 45. Rg7 Rxf2 46. Kc6 Rc2+
47. Kb5 Rb2+ 48. Kc6 Rc2+ 49. Kb5 Rb2+ 50. Kc6 1/2-1/2

[Event "AUTO-ADV-4830"]
[Site "http://www.queenalice.com/game.php?id=1848414"]
[Date "2024.12.7"]
[Round "1"]
[White "pomar"]
[Black "Mikalus"]
[Result "0-1"]
[WhiteElo "2025"]
[BlackElo "1898"]

1. f3 c5 2. Kf2 d5 3. e3 Nc6 4. d4 e6 5. dxc5 Bxc5 6. a3 Nf6 7. Nc3 O-O 8. Bb5
Bd7 9. b4 Bb6 10. Nge2 a6 11. Bd3 Qc7 12. Bb2 d4 13. exd4 Nxd4 14. Nxd4 Bxd4+
15. Ke2 Qe5+ 16. Kd2 Qe3# 0-1

[Event "AUTO-ADV-4830"]
[Site "http://www.queenalice.com/game.php?id=1848415"]
[Date "2024.12.7"]
[Round "1"]
[White "Mikalus"]
[Black "pomar"]
[Result "1/2-1/2"]
[WhiteElo "1914"]
[BlackElo "1998"]

1. d4 e6 2. Nf3 d5 3. e3 c5 4. b3 Qb6 5. Bb2 Nc6 6. Be2 cxd4 7. Nxd4 Nf6 8. Nd2
Be7 9. O-O a5 10. c4 Bd7 11. N2f3 Bc5 12. Nxc6 Bxc6 13. Bd4 Bxd4 14. Nxd4 O-O
15. Nxc6 bxc6 16. Qd3 Ne4 17. Bf3 Nf6 18. Rfd1 Rfd8 19. Qd4 c5 20. Qc3 Rab8 21.
cxd5 exd5 22. Qe5 Qe6 23. Qc7 Qb6 24. Qe5 d4 25. exd4 cxd4 26. Rd3 Nd7 27. Qxd4
Qxd4 28. Rxd4 Ne5 29. Rxd8+ Rxd8 30. a4 Nxf3+ 31. gxf3 Rd3 32. Re1 Kf8 33. Re3
Rd1+ 34. Kg2 Rb1 35. f4 f5 36. h4 g6 37. Rd3 Ke7 38. Kh2 Rb2 39. Kg2 Ke6 40. Kf3
h6 41. Kg3 Rb1 42. Kg2 Rc1 43. Kh2 Rc2 44. Kg2 Rb2 1/2-1/2

[Event "AUTO-ADV-4830"]
[Site "http://www.queenalice.com/game.php?id=1848426"]
[Date "2024.12.7"]
[Round "1"]
[White "Mikalus"]
[Black "altair"]
[Result "1-0"]
[WhiteElo "1924"]
[BlackElo "1784"]

1. d4 d5 2. Nf3 h6 3. e3 Nf6 4. Bd3 Nc6 5. b3 e6 6. Bb2 Be7 7. Nbd2 O-O 8. c4 b6
9. O-O Bd6 10. Qc2 Re8 11. Ne5 Nd7 12. Ndf3 Ncxe5 13. dxe5 Be7 14. e4 dxc4 15.
Bxc4 Bb7 16. Rfe1 a6 17. a4 c6 18. Rad1 Nc5 19. Rxd8 Raxd8 20. h3 b5 21. axb5
cxb5 22. Be2 Bxe4 23. Qc3 Rc8 24. Qe3 Bd8 25. Nd2 Bb7 26. Bf3 Bxf3 27. Qxf3 Bc7
28. b4 Nd7 29. Qb7 Nb8 30. Ne4 f6 31. exf6 e5 32. Qd5+ Kh8 33. fxg7+ Kxg7 34.
Nc5 Rcd8 35. Qb7 Re7 36. Ne6+ 1-0

[Event "AUTO-ADV-4830"]
[Site "http://www.queenalice.com/game.php?id=1848427"]
[Date "2024.12.7"]
[Round "1"]
[White "altair"]
[Black "Mikalus"]
[Result "0-1"]
[WhiteElo "1722"]
[BlackElo "1919"]

1. e4 c5 2. b3 Nc6 3. Bb2 e5 4. Nf3 d6 5. h3 Nf6 6. d3 Nd4 7. Be2 Be7 8. Nbd2
O-O 9. O-O Nh5 10. c3 Nxe2+ 11. Qxe2 Nf4 12. Qe3 b6 13. d4 cxd4 14. cxd4 Bg5 15.
Qc3 Ne2+ 0-1

[Event "Challenge"]
[Site "http://www.queenalice.com/game.php?id=1849072"]
[Date "2024.12.19"]
[Round "-"]
[White "quithero"]
[Black "Mikalus"]
[Result "1-0"]
[WhiteElo "2087"]
[BlackElo "1934"]

1. e4 c5 2. Bc4 Nc6 3. Nf3 e6 4. Nc3 a6 5. O-O b5 6. Be2 d6 7. d4 cxd4 8. Nxd4
Bb7 9. Re1 Nf6 10. Bg5 Be7 11. Nxc6 Bxc6 12. Bf3 Qc7 13. e5 Bxf3 14. Qxf3 Nd5
15. Bxe7 Qxe7 16. Nxd5 Qd8 17. Nc7+ 1-0

[Event "Challenge"]
[Site "http://www.queenalice.com/game.php?id=1849456"]
[Date "2024.12.29"]
[Round "-"]
[White "Mikalus"]
[Black "quithero"]
[Result "0-1"]
[WhiteElo "1908"]
[BlackElo "2014"]

1. d4 e6 2. Nf3 d5 3. e3 Nf6 4. Bd3 Bd6 5. b3 Ne4 6. Bb2 Nc6 7. a3 O-O 8. Nbd2
f5 9. Ne5 Nxe5 10. dxe5 Nxd2 11. Qxd2 Be7 12. O-O-O c5 13. f4 a6 14. h3 b5 15.
g4 c4 16. bxc4 bxc4 17. Be2 Bb7 18. Rh2 Qb6 19. Qc3 Bc5 20. gxf5 Bxe3+ 21. Kb1
Bxf4 22. Rg2 d4 23. Rxg7+ Kxg7 24. f6+ Kh8 25. Qxc4 Bxe5 26. Bd3 Rab8 27. Ka1
Bd5 0-1

[Event "Challenge"]
[Site "http://www.queenalice.com/game.php?id=1849808"]
[Date "2025.1.4"]
[Round "-"]
[White "Mikalus"]
[Black "denaultj"]
[Result "1-0"]
[WhiteElo "1896"]
[BlackElo "1733"]

1. d4 Nf6 2. Nf3 h6 3. e3 d5 4. Bd3 e6 5. b3 a6 6. Bb2 b5 7. Nbd2 Bd6 8. c4 Bd7
9. c5 Bxh2 10. Rxh2 Nc6 11. a3 O-O 12. Ne5 Nxe5 13. dxe5 Nh7 14. Qc2 g6 15. Rxh6
Qg5 16. Rh3 Qxg2 17. Rxh7 Kxh7 18. O-O-O Qxf2 19. Rh1+ Kg7 20. Bd4 c6 21. Rf1
Qg3 22. Qd1 Rh8 23. Kc2 Raf8 24. e4 Bc8 25. b4 Rh3 26. Qe2 Rfh8 27. Nf3 R8h5 28.
exd5 cxd5 29. Qd1 Bd7 30. Be2 a5 31. bxa5 b4 32. Kb2 R5h4 33. axb4 g5 34. Rg1
Qf2 35. Bxf2 1-0

[Event "Challenge"]
[Site "http://www.queenalice.com/game.php?id=1850125"]
[Date "2025.1.10"]
[Round "-"]
[White "quithero"]
[Black "Mikalus"]
[Result "0-1"]
[WhiteElo "1983"]
[BlackElo "1911"]

1. e4 c5 2. Bc4 e6 3. c3 a6 4. d4 b5 5. Bb3 c4 6. Bc2 Bb7 7. Nf3 Be7 8. O-O d6
9. Nbd2 Nf6 10. e5 dxe5 11. dxe5 Nd5 12. Re1 O-O 13. Ne4 Nd7 14. b3 Nc5 15. Nxc5
Bxc5 16. Bb2 Qb6 17. Nd4 Rad8 18. b4 Be7 19. Qh5 g6 20. Qg4 Kg7 21. h4 h5 22.
Qg3 Rg8 23. Bd1 Kh7 24. a4 Rdf8 25. axb5 axb5 26. Ra5 Bc6 27. Nxc6 Qxc6 28. Bf3
Bd8 29. Ra7 Bb6 30. Ra6 Ra8 31. Rea1 Rxa6 32. Rxa6 Qb7 33. Ra3 Qc7 34. Be4 Qd8
35. Qf3 Nc7 36. Qxf7+ Rg7 37. Qf3 Qxh4 38. Ra1 Bxf2+ 39. Qxf2 Qxe4 40. Re1 Qc6
41. Bc1 Nd5 42. Bd2 Qe8 43. Re4 Rf7 44. Qg3 Rf5 45. Qh2 Qf7 46. Re1 Qa7+ 47. Kh1
Qf2 48. g4 Qxh2+ 49. Kxh2 hxg4 50. Kg3 Nxc3 51. Kxg4 Na4 52. Bf4 c3 53. Re2 Nb2
54. Rc2 Na4 55. Re2 Nb6 56. Rc2 Nd5 57. Rh2+ Kg7 58. Bh6+ Kg8 59. Rc2 Rxe5 60.
Kf3 Rh5 61. Bc1 Rh3+ 62. Kg4 Ne3+ 63. Bxe3 Rxe3 64. Kf4 Rd3 65. Ke4 Rd2 66. Rxc3
Rb2 67. Ke5 Kg7 68. Kxe6 Rxb4 69. Ke5 Rb1 70. Kf4 b4 71. Rc4 b3 72. Kg5 Rg1+ 73.
Kf4 b2 0-1

[Event "Challenge"]
[Site "http://www.queenalice.com/game.php?id=1851678"]
[Date "2025.2.7"]
[Round "-"]
[White "denaultj"]
[Black "Mikalus"]
[Result "1-0"]
[WhiteElo "1724"]
[BlackElo "1945"]

1. e4 c5 2. Bc4 e6 3. Nf3 Nc6 4. c3 Nf6 5. h3 a6 6. d3 b5 7. Bb3 d6 8. a4 Bb7 9.
Qe2 Be7 10. Be3 O-O 11. Nbd2 e5 12. O-O Na5 13. Bc2 Qc7 14. Ra3 b4 15. Raa1 d5
16. Bb1 b3 17. c4 d4 18. Bg5 Qd6 19. Ra3 Rab8 20. Nh4 Nd7 21. Nf5 Qe6 22. Bxe7
Rfe8 23. Qg4 Qg6 24. Bd6 Nf6 25. Ne7+ Rxe7 26. Qxg6 1-0

[Event "Let's Play Chess!"]
[Site "http://www.queenalice.com/game.php?id=1852765"]
[Date "2025.2.24"]
[Round "-"]
[White "Mikalus"]
[Black "igor12345"]
[Result "0-1"]
[WhiteElo "1926"]
[BlackElo "2108"]

1. d4 d5 2. Nf3 Nf6 3. e3 Bg4 4. Be2 e6 5. b3 Nc6 6. Bb2 Bd6 7. O-O O-O 8. Nbd2
a6 9. c4 b6 10. Ne5 Bxe2 11. Qxe2 Ne7 12. Ndf3 Nd7 13. a3 f6 14. Nxd7 Qxd7 15.
b4 c6 16. c5 bxc5 17. bxc5 Bc7 18. Bc3 a5 19. a4 Rfb8 20. Rfb1 Qc8 21. Qd3 Ng6
22. h3 Nf8 23. Bd2 e5 24. e4 dxe4 25. Qxe4 Qe8 26. Qg4 Ng6 27. g3 Rxb1+ 28. Rxb1
Rb8 29. Qe4 Rxb1+ 30. Qxb1 e4 31. Nh2 Nf8 32. Kg2 f5 33. Be3 h6 34. Qb7 Qd7 35.
Qb3+ Ne6 36. Qc4 Kf8 37. Nf1 f4 38. gxf4 Bxf4 39. Qa6 Bc7 40. Qa8+ Kf7 41. Qa7
g5 42. Ng3 Kg6 43. Nxe4 Qd5 0-1

[Event "Let's Play Chess!"]
[Site "http://www.queenalice.com/game.php?id=1852767"]
[Date "2025.2.24"]
[Round "-"]
[White "igor12345"]
[Black "Mikalus"]
[Result "1-0"]
[WhiteElo "2075"]
[BlackElo "1921"]

1. e4 c5 2. Nf3 Nc6 3. d4 cxd4 4. Nxd4 e5 5. Nf3 Nf6 6. Bd3 Bc5 7. O-O O-O 8.
Bg5 Be7 9. Nbd2 d6 10. h3 Nh5 11. Be3 Nf4 12. a3 Nxd3 13. cxd3 Bf6 14. b4 b6 15.
Rc1 Nd4 16. Bxd4 exd4 17. Nb3 Ba6 18. Qd2 Qe7 19. Nfxd4 Rac8 20. b5 Bb7 21. Nc6
Bxc6 22. Rxc6 Rc7 23. Rfc1 Rfc8 24. a4 h6 25. f4 Qd7 26. Qc2 Bd8 27. d4 f6 28.
d5 1-0

[Event "Challenge"]
[Site "http://www.queenalice.com/game.php?id=1853376"]
[Date "2025.3.6"]
[Round "-"]
[White "Mikalus"]
[Black "denaultj"]
[Result "1/2-1/2"]
[WhiteElo "1884"]
[BlackElo "1747"]

1. d4 d5 2. e3 Nf6 3. Nf3 Ne4 4. Nbd2 Nxd2 5. Bxd2 e6 6. Bd3 h6 7. O-O Bd6 8. b3
a6 9. c4 O-O 10. Bc2 b6 11. Bc3 Qf6 12. Qd3 g6 13. Ne5 Nd7 14. b4 Nxe5 15. dxe5
Bxe5 16. Bxe5 Qxe5 17. f4 dxc4 18. fxe5 cxd3 19. Bxd3 Rd8 20. Bc4 b5 21. Bb3 Bb7
22. Rad1 h5 23. Rd4 Bd5 24. Bxd5 exd5 25. Rfd1 c6 26. Rc1 Rac8 27. Rf1 Re8 28.
Rdf4 Rxe5 29. Rxf7 Rxe3 30. Ra7 Rf8 31. Rc1 Re2 32. h3 Rff2 33. g4 Rg2+ 34. Kh1
Rgf2 35. Kg1 hxg4 36. hxg4 Rf4 37. g5 Ree4 38. Rxc6 Rf7 39. Rxg6+ Kf8 40. Ra8+
Re8 41. Raxa6 d4 42. Rad6 Rg7 43. Rxg7 Kxg7 44. Rxd4 Ra8 45. Rd2 Kg6 46. Rg2 Ra4
47. Kh2 Rxb4 48. a3 Rb3 49. Rg3 Rb1 50. Kh3 Rc1 51. Kg4 Rc5 52. Rf3 Rxg5+ 53.
Kf4 Rc5 54. Rb3 Kf6 55. Ke4 Ke6 56. Kd4 Kd6 57. Rb4 Kc6 58. a4 Kb6 59. axb5 Rxb5
60. Rxb5+ Kxb5 1/2-1/2

[Event "AUTO-ADV-4825"]
[Site "http://www.queenalice.com/game.php?id=1854437"]
[Date "2025.3.24"]
[Round "2"]
[White "Mikalus"]
[Black "Olipika"]
[Result "1/2-1/2"]
[WhiteElo "1884"]
[BlackElo "1878"]

1. d4 g6 2. Nf3 Bg7 3. e3 Nf6 4. Bd3 d5 5. b3 Ne4 6. Bb2 c5 7. c4 Qa5+ 8. Nbd2
Nxd2 9. Nxd2 cxd4 10. exd4 dxc4 11. Bxc4 O-O 12. O-O Nc6 13. Nf3 Bg4 14. Be2 e5
15. Nxe5 Bxe2 16. Qxe2 Rfe8 17. Qc2 Nxe5 18. Bc3 Qd5 19. dxe5 Bxe5 1/2-1/2